Southville International School and Colleges
Your cart is empty.
  • Cart
  • Lists
    Public lists Eva Luna New books Lux_list list_1
    Your lists Log in to create your own lists
  • Log in to your account
  • Your cookies
  • Search history
Southville International School and Colleges
  • Advanced search
  • Recent comments
  • Most popular
  • Libraries

Log in to your account

Log in with GOOGLE


If you do not have an external account, but do have a local account, you can still log in:

  1. Home
  2. MARC view: Infectious diseases in 30 days/.
Normal view MARC view ISBD view

Infectious diseases in 30 days/. (Record no. 20759)

[ view plain ]
MARC details
000 -LEADER
fixed length control field 00588nam a2200205 a 4500
005 - DATE AND TIME OF LATEST TRANSACTION
control field 20140310183250.0
008 - FIXED-LENGTH DATA ELEMENTS--GENERAL INFORMATION
fixed length control field 041018s19uu xx 00 eng d
020 ## - INTERNATIONAL STANDARD BOOK NUMBER
International Standard Book Number 007137518x
050 ## - LIBRARY OF CONGRESS CALL NUMBER
Classification number RC 111
Item number .In51265 2003
100 ## - MAIN ENTRY--PERSONAL NAME
Personal name Southwick, Frederick S.
245 ## - TITLE STATEMENT
Title Infectious diseases in 30 days/.
260 ## - PUBLICATION, DISTRIBUTION, ETC. (IMPRINT)
Place of publication, distribution, etc U.S.A :
Name of publisher, distributor, etc McGraw-Hill Companies, Inc,
Date of publication, distribution, etc 2003.
300 ## - PHYSICAL DESCRIPTION
Extent 544 p.:
Other physical details ill. ;
Dimensions 26 cm.
500 ## - GENERAL NOTE
General note Includes bibliography and index.
521 ## - TARGET AUDIENCE NOTE
Target audience note
650 ## - SUBJECT ADDED ENTRY--TOPICAL TERM
Topical term or geographic name as entry element Communicable Diseases.
650 ## - SUBJECT ADDED ENTRY--TOPICAL TERM
Topical term or geographic name as entry element Bacterial Infections.
942 ## - ADDED ENTRY ELEMENTS (KOHA)
Koha item type Books
Source of classification or shelving scheme Library of Congress Classification
Call number prefix Foreign
Holdings
Withdrawn status Lost status Source of classification or shelving scheme Damaged status Home library Current library Shelving location Date acquired Total Checkouts Total Renewals Full call number Barcode Date last seen Date checked out Copy number Price effective from Koha item type
    Library of Congress Classification   College Library College Library General Circulation Section 01/14/2014 1 7 RC 111 .In51265 2003 C5323 04/22/2017 09/02/2016 1 01/14/2014 Books

Infectious diseases in 30 days/.

APA

Southwick F. S., . (2003). Infectious diseases in 30 days. U.S.A: McGraw-Hill Companies, Inc.

Chicago

Southwick Frederick S, . 2003. Infectious diseases in 30 days. U.S.A: McGraw-Hill Companies, Inc.

Harvard

Southwick F. S., . (2003). Infectious diseases in 30 days. U.S.A: McGraw-Hill Companies, Inc.

MLA

Southwick Frederick S, . Infectious diseases in 30 days. U.S.A: McGraw-Hill Companies, Inc. 2003.

  • Place hold
  • Print
  • Cite
  • Add to your cart (remove)
  • Save record
    BIBTEX Dublin Core MARCXML MARC (non-Unicode/MARC-8) MARC (Unicode/UTF-8) MARC (Unicode/UTF-8, Standard) MODS (XML) RIS
  • More searches
    Search for this title in:
    Other Libraries (WorldCat) Other Databases (Google Scholar) Online Stores (Bookfinder.com) Open Library (openlibrary.org)

Exporting to Dublin Core...

SOUTHVILLE LIBRARY

Southville International School and Colleges Library

1281 Tropical Ave. Cor. Luxembourg St., BF Homes International, Las Pinas City

Tel. No. 8256374 / 252358 Loc. 117/146

Powered by Koha